000 00338nam a2200145Ia 4500
008 230917s9999||||xx |||||||||||||| ||und||
040 _e144410
_aMAIN
041 _aEnglish
082 _a823.08 M319B
100 _aManto, Sadat Hasan
245 0 _aBlack margins
260 _aNew delhi
_bKatha
_c2003
300 _a305 p.
942 _cBK
999 _c133113
_d133113